El inútil
Salvato in:
| Autore principale: | |
|---|---|
| Natura: | Libro |
| Lingua: | spagnolo |
| Pubblicazione: |
Santiago
Sociedad Imprenta y Litografía Universo
1910
|
| Edizione: | 1a. ed |
| Soggetti: | |
| Accesso online: | portada |
| Tags: |
Aggiungi Tag
Nessun Tag, puoi essere il primo ad aggiungerne!!
|
MARC
| LEADER | 00000nam a2200000 a 4500 | ||
|---|---|---|---|
| 001 | UCJ6550 | ||
| 003 | CL-VaPUC | ||
| 008 | 070124e19100700CL |||||||||||||||||spa|d | ||
| 082 | 0 | 4 | |a Ch863 |b EDW |2 21 |
| 100 | 0 | |a Edwards Bello, Joaquín |e author |9 344236 | |
| 245 | 1 | 3 | |a El inútil |
| 250 | |a 1a. ed | ||
| 300 | |a 187 p | ||
| 942 | |c BK | ||
| 945 | |d 20070124 00:00:00 |a rinostro | ||
| 260 | |a Santiago |b Sociedad Imprenta y Litografía Universo |c 1910 | ||
| 650 | 0 | |a Novela chilena |9 307631 | |
| 650 | 7 | |a PREMIO NACIONAL DE LITERATURA 1943 |2 CL-VaPUC |9 513398 | |
| 650 | 7 | |a PRIMERA EDICION |2 CL-VaPUC |9 513370 | |
| 650 | 7 | |a DESCRIPCION BIBLIOFILICA |2 CL-VaPUC |9 504580 | |
| 856 | 7 | |f UCJ6550_01.jpg |u http://opac.pucv.cl/pucv_img/Img-6500/UCJ6550_01.jpg |q JEPG |2 file |z portada | |
| 583 | |a last modification |c 20070124 00:00:00 |k Rodrigo Vera | ||
| 999 | |c 322652 |d 322650 | ||
| 952 | |0 0 |1 0 |4 0 |6 CH_863_000000000000000_EDW_1910 |7 0 |8 X |9 401698 |a FDOBUD |b FDOBUD |d 2019-11-22 |i 1049496 |o Ch863 EDW 1910 |p 1049496 |r 2019-11-22 |w 2019-11-22 |y BK_X |k BUD | ||